000 00882nam a2200133Ia 4500
008 220620s9999||||xx |||||||||||||| ||und||
020 _a9783040000000
245 0 _aHigh Entropy Materials: Challenges and Prospects
546 _aEnglish[eng]
650 _ahigh-entropy alloys||intermetallic||alloy design||phase stability||high-entropy alloy||soft magnetic properties||mechanical properties||saturation magnetostriction coefficient||face-centered cubic (FCC) structure||high entropy alloys||laser beam welding||microstructure||TiC||tribological properties||wear mechanism||refractory metals||bulk metallic glass (BMG)||fatigue behavior||industrial-grade zirconium raw material||carbide||high-entropy carbides||binders||high-entropy hardmetals||biomedical materials||n/a
700 _aLi, Weidong||Liaw, Peter K.
856 _uhttps://mdpi.com/books/pdfview/book/4570
942 _cEB
999 _c29025
_d29025